00752nam a2200205 a 450000100100000000500170001000800410002702000150006804000250008310000340010824501080014226000310025030000210028149000380030250400300034083000450037004900090041595201050042499900170052900003416720200930070830.0110926s2002 es 000 0 spa d a8474325560 aDO-SdBNPbspacBNPHU1 aMalem Seña, Jorge F.95958613aLa corrupción :baspectos éticos, económicos, políticos y jurídicos /cJorge F. Malem Seña. aEspaña :bGedisa,c2002. a250 p. ;c23 cm.1 aCla-de-ma filosofía del derecho aBibliografía p. 235-246 0aCla-de-ma filosofía del derecho959587 aBNPD 001050718MOaGRbGRcCTd2011-09-26iLF1l0o p34167-10r2020-06-25w2020-06-25y1ZNo se presta c33658d33658